000 00965nam a2200277Ia 4500
003 OSt
005 20220923211642.0
006 a|||||r|||| 00| 0
007 ta
008 220922b |||||||| |||| 00| 0 hin d
024 _a39,771
037 _cTextual
040 _aARTS
_cARTS
_bhin
041 _2hin
_ahin
082 _aO15:gx1,1, 152L2;M4.1-.4
100 _aभरत; शुक्ल, बाबूलाल, संपा.
_9161222
245 0 _aनाटय शास्त्रम्
246 _aNāṭaya shāstram
250 _a2
260 _aवाराणसी
_b चौखम्भा संस्कृत संस्थान
_c1984
300 _a198पृ.
_ccm.
490 _aKashi Sanskrit series( 215
650 _aसंस्कृत साहित्य
942 _hO15:gx1,1, 152L2;M4.1-.4
_cTEXL
_2CC
999 _c302155
_d302155